| 000 | 00392nam a2200157Ia 4500 | ||
|---|---|---|---|
| 008 | 160316s2009 xxu||||| |||| 00| 0 eng d | ||
| 082 |
_a350.000000 _bMAH |
||
| 100 | _aMaheswari Shriram | ||
| 245 | _aIndian administration | ||
| 250 | _a6th | ||
| 260 |
_aNew Delhi _bOreint Longman _c2009 |
||
| 300 |
_a650p _b _cxiv |
||
| 365 | _bRs. 345 | ||
| 650 | _a1.Administration-India | ||
| 700 |
_a _a |
||
| 999 |
_c31946 _d31946 |
||